Aufstiegstrainer der 2. Bundesliga - Statistiken

Allgemein
  • Dieses Quiz wurde 116 mal gespielt
    43 seit der letzten Aktualisierung
  • Das Durchschnittsergebnis liegt bei 33 aus 65
Antwortstatistiken
Jahr Verein Trainer % Korrekt
22/23 FC Heidenheim Frank Schmidt
95%
21/22 Werder Bremen Ole Werner
92%
22/23 Darmstadt 98 Torsten Lieberknecht
84%
12/13 Eintracht Braunschweig Torsten Lieberknecht
84%
17/18 Fortuna Düsseldorf Friedhelm Funkel
82%
04/05 Eintracht Frankfurt Friedhelm Funkel
82%
02/03 1. FC Köln Friedhelm Funkel
82%
18/19 SC Paderborn Steffen Baumgart
76%
15/16 SC Freiburg Christian Streich
74%
15/16 RB Leipzig Ralf Rangnick
74%
07/08 TSG Hoffenheim Ralf Rangnick
74%
01/02 Hannover 96 Ralf Rangnick
74%
98/99 SSV Ulm 1846 Ralf Rangnick
74%
18/19 Union Berlin (Relegation) Urs Fischer
74%
05/06 Alemannia Aachen Dieter Hecking
71%
03/04 FSV Mainz 05 Jürgen Klopp
71%
20/21 VfL Bochum Thomas Reis
71%
21/22 Schalke 04 Michael Büskens
68%
11/12 Greuther Fürth Michael Büskens
68%
11/12 Eintracht Frankfurt Armin Veh
66%
23/24 Holstein Kiel Marcel Rapp
66%
20/21 Greuther Fürth Stefan Leitl
63%
23/24 FC St. Pauli Fabian Hürzeler
61%
11/12 Fortuna Düsseldorf (Relegation) Norbert Meier
61%
04/05 MSV Duisburg Norbert Meier
61%
13/14 1.FC Köln Peter Stöger
61%
16/17 VfB Stuttgart Hannes Wolf
58%
14/15 FC Ingolstadt Ralph Hasenhüttl
58%
03/04 1.FC Nürnberg Wolfgang Wolf
58%
01/02 Hannover 96 Peter Neururer
55%
14/15 Darmstadt 98 Dirk Schuster
53%
12/13 Hertha BSC Jos Luhukay
53%
10/11 FC Augsburg Jos Luhukay
53%
07/08 Borussia Mönchengladbach Jos Luhukay
53%
19/20 VfB Stuttgart Pellegrino Matarazzo
53%
09/10 FC St. Pauli Holger Stanislawski
50%
19/20 Arminia Bielefeld Uwe Neuhaus
50%
16/17 Hannover 96 André Breitenreiter
47%
13/14 SC Paderborn André Breitenreiter
47%
00/01 Borussia Mönchengladbach Hans Meyer
45%
02/03 SC Freiburg Volker Finke
45%
08/09 SC Freiburg Robin Dutt
42%
99/00 Energie Cottbus Eduard Geyer
37%
10/11 Hertha BSC Markus Babbel
37%
06/07 Hansa Rostock Frank Pagelsdorf
34%
08/09 FSV Mainz 05 Jörn Andersen
34%
09/10 1. FC Kaiserslautern Marco Kurz
32%
99/00 1.FC Köln Ewald Lienen
29%
04/05 1.FC Köln Huub Stevens
29%
98/99 SpVgg Unterhaching Lorenz-Günther Köstner
29%
05/06 Energie Cottbus Petrik Sander
29%
07/08 1. FC Köln Christoph Daum
26%
06/07 Karlsruher SC Edmund Becker
26%
17/18 1. FC Nürnberg Michael Köllner
26%
03/04 Arminia Bielefeld Uwe Rapolder
21%
02/03 Eintracht Frankfurt Willi Reimann
21%
01/02 Arminia Bielefeld Benno Möhlmann
16%
05/06 VfL Bochum Marcel Koller
16%
08/09 1. FC Nürnberg (Relegation) Michael Oenning
16%
98/99 Arminia Bielefeld Thomas von Heesen
16%
00/01 FC St. Pauli Dietmar Demuth
13%
00/01 1.FC Nürnberg Klaus Augenthaler
13%
06/07 MSV Duisburg Rudi Bommer
13%
99/00 VfL Bochum Ralf Zumdick
8%
18/19 1.FC Köln André Pawlak
5%
Keine übereinstimmenden Quizze gefunden
Verteilung der Resultate
Anzahl Personen mit jedem Resultat
Perzentil nach korrekt beantworteten Fragen
Ihre Resultats-Entwicklung
Sie haben dieses Quiz seit der letzten Aktualisierung nicht gespielt